00826nam a2200277 u 450000100070000000500170000700800410002402000150006503500110008003500210009104000130011204100080012505000070013310000260014024500810016626000490024730000350029650000370033165000270036865000130039565000420040865000180045065000130046870000280048170000390050936297020260506082739.0990407s1996 eng  a1884804829 a362970 a(OCoLC)777753203 ccomduadb aeng 4aRC10aWalsh, John4auteaut10aStop the rollercoaster : how to take charge of your blood sugars in diabetes aEstados Unidos :bTorrey Pines Press,c1996. a230 páginas :bilustraciones aDonacion: Esc. Nut., : 99-03-26. 7aDiabetes mellitus2dcs aGlicemia aAutomonitoreo de la Glucosa Sanguinea 7aInsulina2dcs aTerapias10aRoberts, Ruth4auteaut10aJovanovic Peterson, Lois4auteaut